|
|
|
|
| LEADER |
00000nam a2200000 a 4500 |
| 001 |
vtls001441402 |
| 003 |
SK-MaSNL |
| 005 |
20260301162902.0 |
| 008 |
240314s2002 xo a r y 0 slo |
| 015 |
|
|
|a SNBE2002/04-01610
|
| 020 |
|
|
|a 8096875183
|
| 035 |
|
|
|a SNK000396588
|
| 040 |
|
|
|a SNK
|b slo
|c SNK
|e AACR2
|
| 041 |
0 |
|
|a slo
|
| 044 |
|
|
|a xo
|c SK
|
| 080 |
|
|
|a 331.823(083.9)
|2 1981
|
| 100 |
1 |
|
|a Majer, Ivan
|4 aut
|9 298014
|
| 245 |
1 |
0 |
|a Pravidlá dobrej praxe BOZP
|b príručka na zavedenie jednoduchého systému riadenia bezpečnosti a ochrany zdravia v malých podnikoch SR
|n Publikácia 1
|c autor: Ivan Majer
|
| 260 |
|
|
|a Bratislava
|b Národný inšpektorát práce
|c [2002]
|
| 300 |
|
|
|a 18 s.
|b ilustr.
|c 24 cm
|
| 500 |
|
|
|a Text čiast. angl.
|
| 500 |
|
|
|a Obalový názov
|
| 500 |
|
|
|a 10000 výt. Nepredajné
|
| 650 |
0 |
7 |
|a bezpečnosť práce
|x ochrana zdravia
|x spravodaje informačné
|2 SNK
|9 528112
|
| 655 |
|
7 |
|a informačné publikácie
|2 SNK
|9 70181
|
| 919 |
|
|
|a 80-968751-8-3
|
| 958 |
|
|
|a TL
|
| 958 |
|
|
|a BQ
|
| 999 |
|
|
|c 814902
|d 816832
|
| 952 |
|
|
|t P60, <03>, [BOOK], {603}
|a SNK
|b SNK
|y PREZ
|7 0
|p 17A0357335
|o snkOSC 21769
|i snkKSP 11759/2002
|0 0
|1 0
|4 0
|d 2002-09-26
|l 0
|r 2005-01-02 00:00:00
|w 2026-02-24
|
| 952 |
|
|
|t P60, <04>, [BOOK], {604}
|a SNK
|b SNK
|y VYP
|7 0
|p 17A0365525
|o snkOSC 21769 D1
|i snkKSP 14568/2002
|0 0
|1 0
|4 0
|d 2002-11-29
|l 0
|r 2005-01-02 00:00:00
|w 2026-02-24
|